00377nam a2200121Ia 4500008004100000100001900041245004400060245002000104260000900124856003000133999001900163952007300182160531s9999 xx 000 0 und d aMarans, David. aLogic Gallery, Aristotle to the Present cby David Marans c2013 uhttp://humbox.ac.uk/3682/ c295138d295138 001040aCLbCLd2016-05-31l0r2016-05-31 00:00:00w2016-05-31yCBE